Metódy identifikácie biologickej kontaminácie knižničných dokumentov diplomová práca
Enregistré dans:
| Auteur principal: | |
|---|---|
| Format: | Livre |
| Langue: | slovaque |
| Publié: |
Bratislava
STU FCHPT
2014
|
| Accès en ligne: | Voir à l'OPAC |
| Tags: |
Pas de tags, Soyez le premier à ajouter un tag!
|
MARC
| LEADER | 00000nam a2200000 a 4500 | ||
|---|---|---|---|
| 005 | 20260127134036.0 | ||
| 008 | 140806 2014 000 0 slo d | ||
| 035 | |a vtls010613038 | ||
| 039 | 9 | |y 201408061057 |z mschk03 | |
| 040 | |a STUSCHK1 |b slo |c STUSCHK1 |e AACR2 | ||
| 100 | 1 | |a Híreš, Ondrej |9 460 | |
| 245 | 1 | |a Metódy identifikácie biologickej kontaminácie knižničných dokumentov |b diplomová práca |c Ondrej Híreš | |
| 260 | |a Bratislava |b STU FCHPT |c 2014 | ||
| 300 | |a 102 s. |b Obr., tab. |c 30 cm | ||
| 500 | |a Obhájené: 11.6.2014 | ||
| 500 | |a Štud. program: ochrana materiálov a objektov dedičstva | ||
| 500 | |a Štud. odbor: chemické technológie | ||
| 500 | |a Škol. pracovisko: Odd. dreva, celulózy a papiera | ||
| 500 | |a Evid. číslo: FCHPT-13574-68677 | ||
| 910 | |a SCHK95 | ||
| 999 | |c 2714 |d 2714 | ||